000 00626nas a2200229 i 4500
001 1674
003 ES-MaACL
005 20250807062537.0
007 t|
008 950801c1913 ag | | 1 ||pa d
022 _a0032-745X
080 _a61
245 0 3 _aLa Prensa médica argentina
_b: revista sudamericana de ciencias médicas.
260 _aBuenos Aires :
_bAniceto López,
_c1913-
300 _a8 v. :
_bgrab. ;
_c28 cm.
310 _aSemanal
362 0 _aAño I (1913)-
650 1 7 _aMedicina
_2embne
_914891
852 _aES-MaACL
_jHEM-D-139
_xHem-1339
_d
866 0 _o1946-47(1948).
999 _c1674
_d1674